Extracción por disolventes y refinación industrial de aceites y grasas / (Record no. 47644)
[ view plain ]
| 000 -LEADER | |
|---|---|
| campo de control de longitud fija | 00625nam a2200205 i 4500 |
| 001 - NÚMERO DE CONTROL | |
| campo de control | 47644 |
| 003 - IDENTIFICADOR DE NÚMERO DE CONTROL | |
| campo de control | ES-MaACL |
| 005 - FECHA Y HORA DE LA ÚLTIMA TRANSACCIÓN | |
| campo de control | 20230906161614.0 |
| 007 - CAMPO FIJO DE DESCRIPCIÓN FÍSICA--INFORMACIÓN GENERAL | |
| campo de control de longitud fija | t| |
| 008 - DATOS DE LONGITUD FIJA--INFORMACIÓN GENERAL | |
| campo de control de longitud fija | 030509s1945 sp ||||1| spa d |
| 080 ## - NÚMERO DE LA CLASIFICACIÓN DECIMAL UNIVERSAL | |
| Número de la Clasificación Decimal Universal | 665.1.034 |
| 100 1# - ENTRADA PRINCIPAL--NOMBRE DE PERSONA | |
| Nombre de persona | Colom Virgili, Ramón. |
| 9 (RLIN) | 39799 |
| 245 10 - MENCIÓN DEL TÍTULO | |
| Título | Extracción por disolventes y refinación industrial de aceites y grasas / |
| Mención de responsabilidad, etc. | por Ramón Colom Virgili. |
| 260 ## - PUBLICACIÓN, DISTRIBUCIÓN, ETC. | |
| Lugar de publicación, distribución, etc. | Barcelona : |
| Nombre del editor, distribuidor, etc. | [s.n.], |
| Fecha de publicación, distribución, etc. | 1945 ( |
| Fabricante | Tip. Cat. Casals) |
| 300 ## - DESCRIPCIÓN FÍSICA | |
| Extensión | XIV, 479 p. ; |
| Dimensiones | 25 cm. |
| 490 1# - MENCIÓN DE SERIE | |
| Mención de serie | Manuales Scientia |
| 830 0# - PUNTO DE ACCESO ADICIONAL DE SERIE-TÍTULO UNIFORME | |
| Título uniforme | Manuales Scientia |
| 9 (RLIN) | 182196 |
| 852 ## - LOCALIZACIÓN | |
| Ubicación | ES-MaACL |
| Número de control de estantería | D-6645 |
| Estatus retirado | Estado de pérdida | Estado de daño | No para préstamo | Biblioteca de origen | Biblioteca actual | Ubicación en estantería | Fecha de adquisición | Fuente de adquisición | Total de préstamos | Signatura topográfica completa | Código de barras | Visto por última vez | Precio de reemplazo | Tipo de ítem Koha |
|---|---|---|---|---|---|---|---|---|---|---|---|---|---|---|
| Biblioteca del Ateneo de Madrid | Biblioteca del Ateneo de Madrid | Sala Valle Inclán | 17/01/2008 | D-6645 | 901050128 | 23/02/2023 | 23/02/2023 | Libro impreso |
